000 00597nam a2200193Ia 4500
003 GCL
008 140319s9999 xx 000 0 ara d
020 _a?074907977
040 _aGCL /
_cGCL
082 0 4 _a813.03
_bب ن
100 1 _aبهاء طاهر
245 1 0 _aنقطة النور /
_cبهاء طاهر
260 _aالقاهرة :
_bالمؤسسة العربية الحديثة للطبع والنشر ،
_c2001
300 _a240 ص ؛
_c18 سم
490 _aروايات الهلال
_v0
650 0 4 _aالقصص العربية
650 0 4 _aالادب - مصر
942 _2ddc
_cBK
999 _c5945
_d5945